000 00500nam a2200169Ia 4500
005 20250423100904.0
008 250422s9999 xx 000 0 und d
020 _a9781555631109
050 _aTN 269 .S46/
100 _aSen, Mrinal K.
245 0 _aSeismic inversion
260 _aTexas
260 _bSociety of Petroleum Engineers
260 _c2006
650 _a Seismology--Methodology. Inversion (Geophysics) Seismic waves. Seismology--Mathematical models.
942 _cBK
999 _c34649
_d34649